000 00886nas a2200277 4500
001 BR2015000969
003 BR-BrBNA
005 20231205125035.0
007 ta
008 230509b bl.|||p| |||| 00| 00por d
040 _aBR-BrBNA
_bpor
_cBiblioteca Nacional de Agricultura
041 _a(En)
072 _aF30
100 1 _aArias, D.G.
100 1 _aDoria, C.M.M.
100 1 _aRamos, L.R.
100 1 _aMorocho, H.C.N.
245 1 _aMolecular characterization of the polyphenol oxidase gene in lulo (Solanum quitoense Lam.)var. Castilla
650 _aGENETICA VEGETAL
650 _aENZIMA
650 _aOXIDACAO
773 0 _tBrazilian Journal of Plant Physiology (Brazil)
_xISSN 1677-0420
_g(2012), v. 24(4) p. 261-272
_wBR2015000969
856 4 0 _uhttp://www.scielo.br/pdf/bjpp/v24n4/a05v24n4.pdf
909 _a202311
_bLúcia
_c55
_dLúcia Elande
942 _2AGRIS
_n0
_cANA
999 _c242281
_d242281